MARC details
| 000 -LEADER |
| fixed length control field |
02350cam a2200565Mi 4500 |
| 001 - CONTROL NUMBER |
| control field |
on1028187289 |
| 003 - CONTROL NUMBER IDENTIFIER |
| control field |
OCoLC |
| 005 - DATE AND TIME OF LATEST TRANSACTION |
| control field |
20200320214311.0 |
| 008 - FIXED-LENGTH DATA ELEMENTS--GENERAL INFORMATION |
| fixed length control field |
180310t20182019nyua j 001 0 eng d |
| 019 ## - |
| -- |
1028029168 |
| -- |
1028034875 |
| -- |
1028070599 |
| -- |
1028081630 |
| -- |
1028167123 |
| -- |
1028522713 |
| -- |
1028524403 |
| -- |
1028544329 |
| -- |
1028546225 |
| 020 ## - INTERNATIONAL STANDARD BOOK NUMBER |
| International Standard Book Number |
197850005X |
| 020 ## - INTERNATIONAL STANDARD BOOK NUMBER |
| International Standard Book Number |
9781978500051 |
| 020 ## - INTERNATIONAL STANDARD BOOK NUMBER |
| International Standard Book Number |
1978500041 |
| 020 ## - INTERNATIONAL STANDARD BOOK NUMBER |
| International Standard Book Number |
9781978500044 |
| 020 ## - INTERNATIONAL STANDARD BOOK NUMBER |
| Terms of availability |
18.95 |
| 035 ## - SYSTEM CONTROL NUMBER |
| System control number |
(OCoLC)1028187289 |
| Canceled/invalid control number |
(OCoLC)1028029168 |
| -- |
(OCoLC)1028034875 |
| -- |
(OCoLC)1028070599 |
| -- |
(OCoLC)1028081630 |
| -- |
(OCoLC)1028167123 |
| -- |
(OCoLC)1028522713 |
| -- |
(OCoLC)1028524403 |
| -- |
(OCoLC)1028544329 |
| -- |
(OCoLC)1028546225 |
| 040 ## - CATALOGING SOURCE |
| Original cataloging agency |
YDX |
| Language of cataloging |
eng |
| Description conventions |
rda |
| Transcribing agency |
YDX |
| Modifying agency |
BDX |
| -- |
SINLB |
| -- |
OCLCF |
| -- |
BIB |
| -- |
WACOL |
| 049 ## - LOCAL HOLDINGS (OCLC) |
| Holding library |
WACL |
| 082 14 - DEWEY DECIMAL CLASSIFICATION NUMBER |
| Classification number |
567.912 |
| Edition number |
14 |
| 092 ## - LOCALLY ASSIGNED DEWEY CALL NUMBER (OCLC) |
| Classification number |
J567.9 |
| Item number |
Hib |
| 100 1# - MAIN ENTRY--PERSONAL NAME |
| Personal name |
Hibbert, Clare, |
| Dates associated with a name |
1970- |
| Relator term |
author. |
| 9 (RLIN) |
5700491 |
| 245 10 - TITLE STATEMENT |
| Title |
Killer dinosaurs : |
| Remainder of title |
theropods / |
| Statement of responsibility, etc |
Clare Hibbert. |
| 264 #1 - Production, Publication, Distribution, Manufacture, and Copyright Notice. |
| Place of production, publication, distribution, manufacture |
New York, NY : |
| Name of producer, publisher, distributor, manufacturer |
Enslow Publishing, |
| Date of production, publication, distribution, manufacture, or copyr |
[2018] |
| 264 #4 - Production, Publication, Distribution, Manufacture, and Copyright Notice. |
| Date of production, publication, distribution, manufacture, or copyr |
©2019 |
| 300 ## - PHYSICAL DESCRIPTION |
| Extent |
32 pages : |
| Other physical details |
color illustrations ; |
| Dimensions |
29 cm. |
| 336 ## - Content Type |
| Content type term |
text |
| 336 ## - Content Type |
| Content type term |
still image |
| 337 ## - Media type |
| Media type term |
unmediated |
| 338 ## - Carrier type |
| Carrier type term |
volume |
| 490 1# - SERIES STATEMENT |
| Series statement |
Dino explorers |
| 500 ## - GENERAL NOTE |
| General note |
Includes index. |
| 650 #0 - SUBJECT ADDED ENTRY--TOPICAL TERM |
| Topical term or geographic name as entry element |
Saurischia |
| Form subdivision |
Juvenile literature. |
| 9 (RLIN) |
5705441 |
| 650 #0 - SUBJECT ADDED ENTRY--TOPICAL TERM |
| Topical term or geographic name as entry element |
Carnivorous animals, Fossil |
| Form subdivision |
Juvenile literature. |
| 9 (RLIN) |
5988097 |
| 650 #0 - SUBJECT ADDED ENTRY--TOPICAL TERM |
| Topical term or geographic name as entry element |
Paleontology |
| Chronological subdivision |
Jurassic |
| Form subdivision |
Juvenile literature. |
| 9 (RLIN) |
5988098 |
| 650 #7 - SUBJECT ADDED ENTRY--TOPICAL TERM |
| Topical term or geographic name as entry element |
Carnivorous animals, Fossil. |
| Source of heading or term |
fast |
| -- |
(OCoLC)fst01764168 |
| 9 (RLIN) |
5988099 |
| 650 #7 - SUBJECT ADDED ENTRY--TOPICAL TERM |
| Topical term or geographic name as entry element |
Jurassic Geologic Period. |
| Source of heading or term |
fast |
| -- |
(OCoLC)fst01353475 |
| 9 (RLIN) |
5988100 |
| 650 #7 - SUBJECT ADDED ENTRY--TOPICAL TERM |
| Topical term or geographic name as entry element |
Paleontology. |
| Source of heading or term |
fast |
| -- |
(OCoLC)fst01051513 |
| 9 (RLIN) |
5988101 |
| 650 #7 - SUBJECT ADDED ENTRY--TOPICAL TERM |
| Topical term or geographic name as entry element |
Saurischia. |
| Source of heading or term |
fast |
| -- |
(OCoLC)fst01105913 |
| 9 (RLIN) |
91006 |
| 648 #7 - SUBJECT ADDED ENTRY--CHRONOLOGICAL TERM |
| Chronological term |
From 140 to 190 million years ago |
| Source of heading or term |
fast |
| 9 (RLIN) |
5988102 |
| 655 #7 - INDEX TERM--GENRE/FORM |
| Genre/form data or focus term |
Juvenile works. |
| Source of term |
fast |
| -- |
(OCoLC)fst01411637 |
| 9 (RLIN) |
5673941 |
| 800 1# - SERIES ADDED ENTRY--PERSONAL NAME |
| Personal name |
Hibbert, Clare, |
| Dates associated with a name |
1970- |
| Title of a work |
Dino explorers. |
| 9 (RLIN) |
5988103 |
| 938 ## - |
| -- |
Brodart |
| -- |
BROD |
| -- |
121896773 |
| 938 ## - |
| -- |
Brodart |
| -- |
BROD |
| -- |
121896765 |
| 938 ## - |
| -- |
YBP Library Services |
| -- |
YANK |
| -- |
15201855 |
| 938 ## - |
| -- |
YBP Library Services |
| -- |
YANK |
| -- |
15201854 |
| 942 ## - ADDED ENTRY ELEMENTS (KOHA) |
| Koha item type |
BOOK |
| 948 ## - LOCAL PROCESSING INFORMATION (OCLC); SERIES PART DESIGNATOR (RLIN) |
| Series part designator, SPT (RLIN) |
11/09/2018 |
| z (OCLC) |
Sirsi |
| 994 ## - |
| -- |
C0 |
| -- |
WACOL |
| 996 ## - |
| -- |
157803 |
| -- |
34301001568650 |
| -- |
JNF |
| -- |
bk |
| -- |
wcl |
| -- |
i |
| -- |
3 |
| -- |
18.95 |
| -- |
apple |
| -- |
567.9 Hib |
| -- |
11/09/2018 |
| -- |
11/30/2019 |
| -- |
11/04/2019 |